WWI Quiz *hard* - Statistics

General Stats
  • This quiz has been taken 322 times
  • The average score is 9 of 15
Answer Stats
Do it. Answer % Correct
What country did Germany pass through to attack France? Belgium
88%
When did the Americans join the war? 1917
86%
Which country surrendered first? Russia
83%
What country did Italy fight against during the war? Austria-Hungary
81%
Who lost the Gallipoli campaign? British
77%
Which country had the most casualties during the war? France
72%
What faction did Bulgaria form part of? Central Powers
68%
What was the biggest naval battle during the war? Battle of Heligoland
67%
Who was the tsar of Russia at the time? Nicholas II
66%
What was the name of the Campaign in which the Germans and the French fought in 1916? Verdun
59%
What started the war? Franz Ferdinand's death
58%
Why did Russia leave the war early? Bolshevik Revolution
45%
What major african colony did Germany lose from the english? Tanzania
36%
What was the standard-issue rifle of the Italians in WW1? Carcano M91
3%
What was the first successfull tank called? Mark IV landship
2%
No matching quizzes found
Score Distribution
Percent of People with Each Score
Percentile by Number Answered
Your Score History
You have not taken this quiz